La drôle de vie des expatriés au Cambodge / (Record no. 3695)

MARC details
000 -LEADER
fixed length control field 01350cam a2200373 i 4500
001 - CONTROL NUMBER
control field 3695
003 - CONTROL NUMBER IDENTIFIER
control field FISKH
005 - DATE AND TIME OF LATEST TRANSACTION
control field 20240411153619.0
008 - FIXED-LENGTH DATA ELEMENTS--GENERAL INFORMATION
fixed length control field 240411b cb ||||| |||| 00| 0 fre d
010 ## - LIBRARY OF CONGRESS CONTROL NUMBER
LC control number 2017355431
020 ## - INTERNATIONAL STANDARD BOOK NUMBER
International Standard Book Number 9789996359804
040 ## - CATALOGING SOURCE
Original cataloging agency DLC
Language of cataloging eng
Transcribing agency DLC
Description conventions rda
Modifying agency DLC
041 1# - LANGUAGE CODE
Language code of text/sound track or separate title eng
Language code of original fre
042 ## - AUTHENTICATION CODE
Authentication code lcode
-- pcc
043 ## - GEOGRAPHIC AREA CODE
Geographic area code a-cb---
050 00 - LIBRARY OF CONGRESS CALL NUMBER
Classification number DS554.44
Item number .A43 2016
082 ## - DEWEY DECIMAL CLASSIFICATION NUMBER
Classification number 959.6
100 1# - MAIN ENTRY--PERSONAL NAME
Personal name Amat, Frédéric
Dates associated with a name 1968-
Relator term author.
240 10 - UNIFORM TITLE
Uniform title La drôle de vie des expatriés au Cambodge.
245 10 - TITLE STATEMENT
Title La drôle de vie des expatriés au Cambodge /
Statement of responsibility, etc. Frédéric Amat
264 #1 - PRODUCTION, PUBLICATION, DISTRIBUTION, MANUFACTURE, AND COPYRIGHT NOTICE
Place of production, publication, distribution, manufacture Phnom Penh, Cambodia :
Name of producer, publisher, distributor, manufacturer Tuk Tuk Editions,
Date of production, publication, distribution, manufacture, or copyright notice 2016.
300 ## - PHYSICAL DESCRIPTION
Extent 181 pages :
Dimensions 20 cm
336 ## - CONTENT TYPE
Content type term text
Content type code txt
Source rdacontent
337 ## - MEDIA TYPE
Media type term unmediated
Media type code n
Source rdamedia
338 ## - CARRIER TYPE
Carrier type term volume
Carrier type code nc
Source rdacarrier
500 ## - GENERAL NOTE
General note French under the title of La drôle de vie des expatriés au Cambodge.
546 ## - LANGUAGE NOTE
Language note English translation of the author's original French work.
650 #0 - SUBJECT ADDED ENTRY--TOPICAL TERM
Topical term or geographic name entry element Noncitizens
Geographic subdivision Cambodia
General subdivision Social life and customs.
650 #0 - SUBJECT ADDED ENTRY--TOPICAL TERM
Topical term or geographic name entry element French
Geographic subdivision Cambodia
General subdivision Social life and customs.
700 1# - ADDED ENTRY--PERSONAL NAME
Personal name Vachon, Michelle,
Relator term translator.
906 ## - LOCAL DATA ELEMENT F, LDF (RLIN)
a 7
b cbc
c origres
d 3
e ncip
f 20
g y-gencatlg
942 ## - ADDED ENTRY ELEMENTS (KOHA)
Source of classification or shelving scheme Dewey Decimal Classification
Koha item type Books
Suppress in OPAC No
Holdings
Withdrawn status Lost status Source of classification or shelving scheme Damaged status Not for loan Collection Home library Current library Shelving location Date acquired Total Checkouts Full call number Barcode Date last seen Price effective from Koha item type
    Dewey Decimal Classification     Non-Fiction Footprints International School Library Network Toul Kork Campus Footprints International School Library Network Toul Kork Campus TK Floor 4 Rear Hallway Shelf 1 (Adult/Secondary Foriegn Language/Khmer) 04/11/2024   AMA 959.6 DS554.A43 2024-0487 04/11/2024 04/11/2024 Books